| 000 -LEADER |
| fixed length control field |
04198cam a2200349 a 4500 |
| 001 - CONTROL NUMBER |
| control field |
17990620 |
| 003 - CONTROL NUMBER IDENTIFIER |
| control field |
Nust |
| 005 - DATE AND TIME OF LATEST TRANSACTION |
| control field |
20170111115255.0 |
| 008 - FIXED-LENGTH DATA ELEMENTS--GENERAL INFORMATION |
| fixed length control field |
140108s2014 nyu 000 j eng d |
| 010 ## - LIBRARY OF CONGRESS CONTROL NUMBER |
| LC control number |
2014930344 |
| 015 ## - NATIONAL BIBLIOGRAPHY NUMBER |
| National bibliography number |
GBB483920 |
| Source |
bnb |
| 016 7# - NATIONAL BIBLIOGRAPHIC AGENCY CONTROL NUMBER |
| Record control number |
016821678 |
| Source |
Uk |
| 020 ## - INTERNATIONAL STANDARD BOOK NUMBER |
| International Standard Book Number |
9788172454067 (pbk) |
| 035 ## - SYSTEM CONTROL NUMBER |
| System control number |
(OCoLC)ocn875741826 |
| 040 ## - CATALOGING SOURCE |
| Original cataloging agency |
YDXCP |
| Language of cataloging |
eng |
| Transcribing agency |
YDXCP |
| Modifying agency |
BTCTA |
| -- |
BDX |
| -- |
UKMGB |
| -- |
ZQP |
| -- |
OI6 |
| -- |
OCLCO |
| -- |
IHI |
| -- |
DLC |
| 042 ## - AUTHENTICATION CODE |
| Authentication code |
lccopycat |
| 050 00 - LIBRARY OF CONGRESS CALL NUMBER |
| Classification number |
PR1309.H6 |
| Item number |
H66 2014 |
| 082 04 - DEWEY DECIMAL CLASSIFICATION NUMBER |
| Classification number |
823 |
| Author Mark |
GRE |
| 100 ## - MAIN ENTRY--PERSONAL NAME |
| Personal name |
Al Sarrantonio and Martin H. Greenberg. |
| 245 00 - TITLE STATEMENT |
| Title |
50 Horror stories / |
| Statement of responsibility, etc. |
Al Sarrantonio and Martin H. Greenberg. |
| 260 ## - PUBLICATION, DISTRIBUTION, ETC. |
| Place of publication, distribution, etc. |
New Delhi : |
| Name of publisher, distributor, etc. |
Goodwill publishing, |
| 300 ## - PHYSICAL DESCRIPTION |
| Extent |
xlii, 255 pages ; |
| Dimensions |
23 cm |
| 500 ## - GENERAL NOTE |
| General note |
Includes chronology and explanatory notes. |
| 520 ## - SUMMARY, ETC. |
| Summary, etc. |
The modern horror story grew and developed across the nineteenth century, embracing categories as diverse as ghost stories, supernatural and psychological horror, medical and scientific horrors, colonial horror, and tales of mystery and premonition. This anthology brings together 29 of the greatest horror stories of the period from 1816 to 1912, from the British, Irish, American, and European traditions. It ranges widely across the sub-genres to encompass authors whose terror-inducing powers remain unsurpassed. The book includes stories by some of the best writers of the century-- Hoffmann, Poe, Balzac, Dickens, Hawthorne, Melville, Zola--as well as established genre classics such as M. R. James, Arthur Machen, Bram Stoker, Algernon Blackwood, Charlotte Perkins Gilman and others. It includes rare and little known pieces by writers such as William Maginn, Francis Marion Crawford, W. F. Harvey, and William Hope Hodgson, and shows the important role played by periodicals in popularizing the horror story. Wherever possible stories are reprinted in their first published form, with background information about their authors and helpful, contextualizing annotation. Darryl Jones's lively introduction discusses horror's literary evolution and its articulation of cultural preoccupations and anxieties. These are stories guaranteed to freeze the blood, revolt the senses, and keep you awake at night: prepare to be terrified! |
| 650 #0 - SUBJECT ADDED ENTRY--TOPICAL TERM |
| Topical term or geographic name entry element |
Horror tales, English. |
| 906 ## - LOCAL DATA ELEMENT F, LDF (RLIN) |
| a |
7 |
| b |
cbc |
| c |
copycat |
| d |
2 |
| e |
ncip |
| f |
20 |
| g |
y-gencatlg |
| 942 ## - ADDED ENTRY ELEMENTS (KOHA) |
| Source of classification or shelving scheme |
|
| Koha item type |
Book |